| 000 | 00789nam0a22002411 4500 | ||
|---|---|---|---|
| 001 | rc\1158666 | ||
| 005 | 20041129084939.6 | ||
| 035 | _a(NLR Aleph) 006403327 | ||
| 090 |
_a5269156 _c5269156 |
||
| 100 | _a20041129d1980 u |0rusy50 ca | ||
| 101 | 0 | _arus | |
| 102 | _aRU | ||
| 105 | _ay ||||||||| | ||
| 200 | 1 |
_aХозяйственный механизм и его совершенствование в торговле _e(Вопр. теории и практики) |
|
| 210 |
_aРига _cАвотс _d1980 |
||
| 215 |
_a214 с. _d21 |
||
| 320 | _aБиблиогр.: с. 207-213 (143 назв.) | ||
| 700 | 1 |
_aПрауде _bВ. Р. _gВалерий Робертович |
|
| 801 | 0 |
_aRU _bNLR _gpsbo |
|
| 801 | 1 |
_aRU _bELAR _2rusmarc |
|
| 852 |
_aNLR _j81-3/3248 |
||
| 942 | _cBOOK | ||
| 980 | _aNB | ||